| 000 | 00814nam a2200193 a 4500 | ||
|---|---|---|---|
| 003 | 0 | ||
| 005 | 20250314151204.0 | ||
| 008 | 090806s19uu xx 00 eng d | ||
| 050 |
_aPHS HG 3917 _b.G16 2008 |
||
| 100 | _aGarcia, Angela Gabrielle C. | ||
| 245 |
_aA Comparison on the effect of the strength of the peso to the families of the overseas Filipino workers and non-overseas Filipino workers / _cAngela Gabrielle C. Garcia. |
||
| 260 |
_aLas PiƱas City, Philippines : _bSouthville International School and Colleges, _c2008. |
||
| 300 |
_a23 pages : _billustrations ; _c28 cm. |
||
| 504 | _aIncludes bibliographical references. | ||
| 650 |
_aRemittances _xEconomic aspects _zPhilippines. |
||
| 650 | _aForeign workers, Filipino. | ||
| 650 |
_aFamilies _xEconomic conditions _zPhilippines. |
||
| 942 |
_2lcc _cPASS |
||
| 999 |
_c98126 _d98126 |
||